| 000 | 00370nam a22001217a 4500 | ||
|---|---|---|---|
| 008 | 240726b |||||||| |||| 00| 0 eng d | ||
| 040 |
_aNational Science Library _cNational Science Library |
||
| 100 | _aAlouche, F | ||
| 245 | _aEconomie generale d'une chaine documentaire mecanisee | ||
| 260 |
_aParis: _bGauthier-Villars, _c1967 |
||
| 300 | _a323p. | ||
| 942 |
_2udc _cBK |
||
| 999 |
_c64938 _d64938 |
||